000 00514nam a2200121Ia 4500
008 220620s9999||||xx |||||||||||||| ||und||
100 _aAtanas Pavlov||Vasil Georgiev
245 0 _aAlkaloids - Alternatives in Synthesis, Modification and Application
546 _aEnglish[eng]
650 _aPhysical Sciences||Engineering and Technology||Chemistry||Bioorganic Chemistry||Organic Chemistry
856 _uhttps://www.intechopen.com/books/alkaloids-alternatives-in-synthesis-modification-and-application
942 _cEB
999 _c23261
_d23261